Las claves del período Carolingio 723-879
Guardat en:
| Autor principal: | |
|---|---|
| Format: | Llibre |
| Idioma: | espanyol |
| Publicat: |
Barcelona
Planeta
1991
|
| Col·lecció: | Las claves de la historia, 9
|
| Matèries: | |
| Etiquetes: |
Afegir etiqueta
Sense etiquetes, Sigues el primer a etiquetar aquest registre!
|
MARC
| LEADER | 00000nam a2200000 a 4500 | ||
|---|---|---|---|
| 001 | UCX4688 | ||
| 003 | CL-VaPUC | ||
| 008 | 920709e19910000SP |||||||||||||||||spa|d | ||
| 082 | 0 | 4 | |a 944.01 |b MIN |2 21 |
| 100 | |a Mínguez, José María |e autor |9 322580 | ||
| 245 | 1 | 4 | |a Las claves del período Carolingio 723-879 |
| 300 | |a 118 p | ||
| 942 | |c BK | ||
| 945 | |d 19920709 00:00:00 | ||
| 260 | |a Barcelona |b Planeta |c 1991 | ||
| 650 | 7 | |a CAROLINGIOS |2 CL-VaPUC |9 320966 | |
| 650 | 7 | |a HISTORIA HASTA 987 |2 CL-VaPUC |9 320967 | |
| 651 | 0 | |a Francia |9 255157 | |
| 583 | |a last modification |c 19920709 00:00:00 |k Rodrigo Vera | ||
| 490 | 0 | |a Las claves de la historia, 9 | |
| 999 | |c 225098 |d 225096 | ||
| 952 | |0 0 |1 0 |4 0 |6 944_010000000000000_MIN_1991 |7 0 |8 A |9 222306 |a BIBHIS |b BIBHIS |d 2019-11-15 |i 2911302 |o 944.01 MIN 1991 |p 2911302 |r 2025-01-20 |w 2019-11-15 |y BK |k HIS | ||